Известия вузов. Порошковая металлургия и функциональные покрытия: научно-технический журнал

Dettagli Bibliografici
Ente Autore: Национальный исследовательский технологический университет "МИСиС"
Riassunto:Печатная подписка НТБ на журнал: 2007-2017 (I полугодие)
Lingua:russo
Pubblicazione: Москва, МИСИС, 2007-
Accesso online:Официальный сайт журнала
Журнал на платформе eLIBRARY
Natura: MixedMaterials Elettronico Libro
KOHA link:https://koha.lib.tpu.ru/cgi-bin/koha/opac-detail.pl?biblionumber=405731

MARC

LEADER 00000nam1a2200000 4500
001 405731
005 20251113101205.0
011 |a 1997-308X  |f 2412-8767 
035 |a (RuTPU)RU\TPU\prd\55727 
090 |a 405731 
100 |a 20080207a20079999k y0rusy50 ca 
101 0 |a rus 
102 |a RU 
200 1 |a Известия вузов. Порошковая металлургия и функциональные покрытия  |e научно-технический журнал  |f Национальный Исследовательский Технологический Университет МИСИС 
210 |a Москва  |c МИСИС  |d 2007- 
300 |a Печатная подписка НТБ на журнал: 2007-2017 (I полугодие) 
712 0 2 |a Национальный исследовательский технологический университет "МИСиС"  |c (Москва)  |c (2008- )  |9 26541 
801 1 |a RU  |b 63413507  |c 20080207  |g PSBO 
801 2 |a RU  |b 63413507  |c 20180115  |g PSBO 
856 4 |u http://powder.misis.ru/jour  |z Официальный сайт журнала 
856 4 |u https://elibrary.ru/contents.asp?titleid=26676  |z Журнал на платформе eLIBRARY 
942 |c CR